000 00881nam a22002297a 4500
001 BINCO
003 CO-MdBIC
005 20220423140432.0
008 220423b2015 ck a|||| |||| 00| 0 spa d
020 _a978958766441
040 _a CO-MdBIC
_bspa.
_cCO-MdBIC
_d CO-MdBIC
041 _aspa
082 _222
_a863
_bM562
100 _aMerino, Juan Fernando,
_d1954-
245 _aLos números con Leo el león
_c/ Merino, Juan Fernando, traductor
_f1954-
260 1 _aBogotá, Colombia:
_bPanamericana,
_c[2015]
260 4 _a© 2015
300 _a12 paginas;
_bilustraciones a color:
_c29 cm.
500 _aEsta divertida serie de libros reúne historias sencillas que les enseñarán a los niños los colores, las formas, los números y las crías de los animales por medio de preguntas que facilitarán el aprendizaje.
650 7 _9100
_aEducación infantil
942 _cLGB
999 _c67780
_d67780